Les Miserables (Record no. 5270)
[ view plain ]
| 000 -LEADER | |
|---|---|
| fixed length control field | 00723nam a22002537a 4500 |
| 005 - DATE AND TIME OF LATEST TRANSACTION | |
| control field | 20230512222236.0 |
| 008 - FIXED-LENGTH DATA ELEMENTS--GENERAL INFORMATION | |
| fixed length control field | 180614t xxu||||| |||| 00| 0 eng d |
| 020 ## - INTERNATIONAL STANDARD BOOK NUMBER | |
| International Standard Book Number | 0449300021 |
| 040 ## - CATALOGING SOURCE | |
| Transcribing agency | CSPC |
| 082 0# - DEWEY DECIMAL CLASSIFICATION NUMBER | |
| Item number | H874l |
| 100 ## - MAIN ENTRY--PERSONAL NAME | |
| Personal name | Hugo, Victor |
| Relator term | author. |
| 245 00 - TITLE STATEMENT | |
| Title | Les Miserables |
| Statement of responsibility, etc. | Victor Hugo |
| 260 ## - PUBLICATION, DISTRIBUTION, ETC. | |
| Place of publication, distribution, etc. | New York: |
| Name of publisher, distributor, etc. | Random House Publishing, |
| Date of publication, distribution, etc. | 1961. |
| 300 ## - PHYSICAL DESCRIPTION | |
| Extent | x, 400 pages: |
| Dimensions | 18 cm. |
| 365 ## - TRADE PRICE | |
| Price amount | Php. 285.00 |
| 650 10 - SUBJECT ADDED ENTRY--TOPICAL TERM | |
| Topical term or geographic name entry element | Ex-convicts |
| General subdivision | Fiction. |
| 650 10 - SUBJECT ADDED ENTRY--TOPICAL TERM | |
| Topical term or geographic name entry element | Orphans |
| General subdivision | Fiction. |
| 650 10 - SUBJECT ADDED ENTRY--TOPICAL TERM | |
| Topical term or geographic name entry element | Manners and customs |
| General subdivision | Fiction. |
| 650 10 - SUBJECT ADDED ENTRY--TOPICAL TERM | |
| Topical term or geographic name entry element | Social condition. |
| General subdivision | Fiction. |
| 940 ## - EQUIVALENCE OR CROSS-REFERENCE--UNIFORM TITLE [OBSOLETE] [CAN/MARC only] | |
| Uniform title | <a href="Lenie">Lenie</a> |
| 942 ## - ADDED ENTRY ELEMENTS (KOHA) | |
| Koha item type | |
| -- | FIC H874l 1961 |
| Withdrawn status | Lost status | Damaged status | Not for loan | Home library | Current library | Shelving location | Date acquired | Total Checkouts | Full call number | Barcode | Date last seen | Copy number | Price effective from | Koha item type | Date last checked out |
|---|---|---|---|---|---|---|---|---|---|---|---|---|---|---|---|
| Main Library | Main Library | Fiction Section | 05/12/2023 | FIC H874l 1961 | 008085 | 05/12/2023 | 2-3 | 05/12/2023 | Books | ||||||
| Main Library | Main Library | Fiction Section | 05/12/2023 | 2 | FIC H874l 1961 | 008086 | 11/27/2024 | 3-3 | 05/12/2023 | Books | 10/14/2024 | ||||
| Main Library | Main Library | Fiction Section | 05/12/2023 | 1 | FIC H874l 1961 | 008083 | 02/23/2026 | 1-3 | 05/12/2023 | Books | 02/23/2026 |